| 000 | 00725nam a22002297a 4500 | ||
|---|---|---|---|
| 999 |
_c14280 _d14280 |
||
| 003 | AR-CdUCM | ||
| 008 | 190329b ||||| |||| 00| 0 spa d | ||
| 020 | _a84-316-7690-6 | ||
| 040 |
_aMUNICIPALIDAD PROVINCIAL DEL CUSCO _cBIBLIOTECA MUNICIPAL DEL CUSCO |
||
| 082 |
_aEP / 803 / _bL85 |
||
| 100 |
_aLong, Melinda _932999 |
||
| 245 |
_aMis amigos : _bLos piratas / |
||
| 260 |
_aBarcelona : _bVicens Vives, _c2004. |
||
| 300 |
_a47 páginas ; _bIlustraciones _c22 cm |
||
| 440 |
_aPiñata _n8 _933000 |
||
| 505 | _aContenido :Mis amigos , los piratas .. | ||
| 650 |
_aHistorietas _910786 |
||
| 650 |
_aCuentos _9217 |
||
| 700 |
_aTristán, Miguel (traducción) _933001 |
||
| 942 |
_2ddc _cLIBROS |
||
| 945 |
_arum _d2019-04-16 |
||